Poemas de la izquierda erótica /
Guardat en:
| Autor principal: | |
|---|---|
| Format: | Llibre |
| Idioma: | Spanish |
| Publicat: |
Guatemala :
Piedra Santa,
2004.
|
| Matèries: | |
| Etiquetes: |
Afegir etiqueta
Sense etiquetes, Sigues el primer a etiquetar aquest registre!
|
MARC
| LEADER | 00000cam a22000007a 4500 | ||
|---|---|---|---|
| 001 | 476579 | ||
| 005 | 20150618092239.0 | ||
| 008 | 841128s2004 gt a 000 0 spa | ||
| 040 | |a DLC |c DLC |d DLC |d CIICLA | ||
| 082 | |a G861.4 |b R685p | ||
| 100 | 1 | |a Rodas, Ana María | |
| 245 | 1 | 0 | |a Poemas de la izquierda erótica / |c Ana María Rodas. |
| 260 | |a Guatemala : |b Piedra Santa, |c 2004. | ||
| 300 | |a 246 páginas: |b ilustraciones | ||
| 650 | 7 | |9 46 |a LITERATURA GUATEMALTECA |v POESIA | |
| 942 | |2 ddc |c BK | ||
| 999 | |c 4306 |d 4306 | ||
